01252nam a2200325Ia 450000500170000000700030001700800370002002000180005704000350007504100130011008200220012310000340014524501260017925000220030526400400032730000530036733600270042033700330044733800280048052100610050853400200056954500650058965000400065465000540069465000510074870000510079970000460085094200150089699900150091120220317000256.0ta210830s2002 ck sp a0 sbr d spa d a9788426137111 aCO-BoRNBPbspaerdacCO-BoRNBP1 aspahger04a591.472bL13p2221 aLange, Monika d1968-eautora10a¿Puedes verme?blos animales que se camuflan cMonika Lange ; Steffen Walentowitz ; traducción de Maria Antonia Torras aPrimera edición 1aBarcelonabEditorial Juventudc2008 a30 páginas sin enumerarbilustraciones c21 cm atextobtxt2rdacontent asin mediaciónbn2rdamedia avolumenbnc2rdacarrier aRecomendado para un público infantil mayor de 9 años tSiehst du mich? aIncluye datos biográficos de la autora al inicio del texto17aAnimalesxLiteratura infantil2LEMB17aAnimalesxFisiologíaxLiteratura infantil2LEMB17aAnimalesxCamuflajexLiteratura infantil2LEMB1 aWalentowitz, Steffend1962-eilustrador9138441 aTorras, Maria Antoniaetraductora9186241 2ddccBKINF c3589d3589